| 000 | 00457nam a2200157Ia 4500 | ||
|---|---|---|---|
| 008 | 210210b2005 xxu||||| |||| 00| 0 eng d | ||
| 020 | _a81 297 1030 7 | ||
| 082 | _a157.9 HECI | ||
| 100 | _aHECKER (Jeffrey ) | ||
| 245 | _aIntroduction to clinical psychology: science, practice, and ethics. | ||
| 260 |
_aDelhi _bPearson Education Pvt Ltd. _c2005 |
||
| 300 | _a574 | ||
| 690 | _aClinical Psychology | ||
| 700 | _aTHORPE (Geoffrey L). | ||
| 906 | _aSG04866 | ||
| 999 |
_c115751 _d115751 |
||